La terminología: representación y comunicación. Elementos para una teoría de base comunicativa y otros artículos
Guardat en:
| Autor principal: | |
|---|---|
| Format: | Llibre |
| Idioma: | espanyol |
| Publicat: |
Barcelona
Universitat Pompeu Fabra
2005
|
| Edició: | 1a. ed |
| Col·lecció: | Monografies, 3
|
| Matèries: | |
| Etiquetes: |
Afegir etiqueta
Sense etiquetes, Sigues el primer a etiquetar aquest registre!
|
MARC
| LEADER | 00000cam a2200000 a 4500 | ||
|---|---|---|---|
| 001 | UCD9161 | ||
| 003 | CL-VaPUC | ||
| 008 | 170609e20050000sp |||||||||||||||||spa|d | ||
| 020 | |a 849334973 | ||
| 082 | 0 | 4 | |a 418 |b CAB |2 21 |
| 100 | 0 | |a Cabré Castellví, María Teresa |e author |9 592846 | |
| 245 | 1 | 3 | |a La terminología: representación y comunicación. Elementos para una teoría de base comunicativa y otros artículos |
| 250 | |a 1a. ed | ||
| 300 | |a 369 p | ||
| 942 | |c BK | ||
| 945 | |d 20170609 16:51:00 |a dcastane | ||
| 260 | |a Barcelona |b Universitat Pompeu Fabra |c 2005 | ||
| 650 | 0 | |a Comunicación |9 257251 | |
| 650 | 0 | |a Lingüística |9 265068 | |
| 650 | 7 | |a TERMINOLOGIA |2 CL-VaPUC |9 254881 | |
| 583 | |a last modification |c 20170609 16:51:00 |k Rodrigo Vera | ||
| 490 | 0 | |a Monografies, 3 | |
| 999 | |c 368426 |d 368424 | ||
| 952 | |0 0 |1 0 |3 erb |4 0 |6 418_000000000000000_CAB_2005 |7 0 |8 A |9 483735 |a BIBEDU |b BIBEDU |c ES_NOD |i 5395437 |l 2 |o 418 CAB 2005 |p 5395437 |r 2023-08-09 |s 2022-11-18 |w 2019-11-24 |y BK |z Catalogado en:20170609 |k CIT | ||